000 00454nam a2200181Ia 4500
001 8042
005 20260306160540.0
008 260306t2013||||xx |||||||||||||| ||spa||
041 _aESP
082 _a370.1
_bC75 V. 12
100 _aRivero, José
_eAUT
245 0 _aInventarios educativos y prolegómenos de reforma, 1956-1968
260 _c2013
300 _a328 páginas :
_c25 cm.
650 _aGEN
654 _aCED
942 _cLIB
_dJUS
_fJUS
_2ddc
_n
999 _c8042
_d8042